| 000 | 00924na a2200253 4500 | ||
|---|---|---|---|
| 001 | 19150 | ||
| 003 | MIRAKIL | ||
| 005 | 20181213155056.0 | ||
| 008 | 161209b tu 000 0 | ||
| 020 | _a9153200748 | ||
| 040 |
_aMilas _btur _cTR-AnCHP |
||
| 041 | _ager | ||
| 082 |
_a324.2372485 _bP66 1976 |
||
| 090 | _a324.2372485 P66 1976 | ||
| 245 |
_aProgramm der sozial-demo-kratischen arbeiter-patei Schwedens _cSozialdemokratische Arbeiterpartei Schwedens; übersetzung Dieter Stöpfgeshoff |
||
| 260 |
_aBorås _bSjuhaeradsbygdens Tryckeri _c1976 |
||
| 300 |
_a57 s. _c20 sm. |
||
| 500 | _aAngenommen auf dem parteikongress1975 | ||
| 610 |
_aİsveç Sosyal Demokrat Partisi _xParti programları |
||
| 650 |
_aParti türleri _xSosyal demokrat partiler _zİsveç |
||
| 700 | _aStöpfgeshoff, Dieter | ||
| 710 | _aSozialdemokratische Arbeiterpartei Schwedens; übersetzung Dieter Stöpfgeshoff | ||
| 942 |
_2ddc _cBKS |
||
| 999 |
_c6098 _d6098 |
||